Statistiques concernant Générique Silverhawks - Paroles

Cliquez ici pour prendre le quiz!

Statistiques générales

  • Ce quiz a été pris 5 fois
  • Le résultat moyen est 9 sur 18

Statistiques - réponses

Paroles% Correct
Allez, Silverhawks ! Aigles d'{argent}
80%
Allez, Silverhawks ! Aigles d'{argent}
80%
Pour vaincre le {mal},
80%
Allez, Silverhawks ! Justicers de l'{espace}
60%
Allez, Silverhawks ! Justicers de l'{espace}
60%
Allez, Silverhawks ! Tous les {méchants}
60%
Allez, Silverhawks ! Tous les {méchants}
60%
Ont peur, Silverhawks ! De votre {audace}
60%
Ont peur, Silverhawks ! De votre {audace}
60%
Très très loin dans l'{univers}
60%
Dans l'{immensité},
40%
Ils sont prêts à donner {leurs} {vies}
40%
Dans le noir {glacé}
20%
D'entre les {galaxies}
20%
Ils sont {toujours} {là}
20%
Où règne l'enfer {de} {la} {guerre}
20%
Pour lutter sans {répit}
20%
Tournent des {planètes}
20%

Distribution des résultats

Percentile par nombre de réponses

% des personnes avec chaque résultat

Votre développement - résultats

Vous n’avez pas pris ce quiz